000 00320pam a2200133 a 4500
020 _c
041 _h
082 _a741.58
_bDAV
100 _aPaul Bryn Davies.
245 _aHow to Draw fairies in Simple Steps
_hTextual Documents
260 _a[s.l]:
_bSearch Press,
_c2014.
300 _a32:
_bpaper.
930 _a7967
999 _c241757
_d241757